书目信息 |
| 题名: |
法律家眼中的日本古代一千五百年史
|
|
| 作者: | 山中顺雅 著 ;曹章祺 译 | |
| 分册: | ||
| 出版信息: | 北京 中国社会科学 1994 |
|
| 页数: | 316页 | |
| 开本: | 20cm | |
| 丛书名: | ||
| 单 册: | ||
| 中图分类: | K313.2 , K313.0 | |
| 科图分类: | ||
| 主题词: | 古代史-日本--研究 | |
| 电子资源: | ||
| ISBN: | 7-5004-1439-0 | |
| 000 | 00963nam0 2200277 45 | |
| 001 | 0195007745 | |
| 005 | 20061116144736.15 | |
| 010 | @a7-5004-1439-0@dCNY16.00 | |
| 100 | @a19950130d1994 kemy0chiy0121 ea | |
| 101 | 1 | @achi@cjpn |
| 102 | @aCN@b110000 | |
| 105 | @af z 000yy | |
| 200 | 10 | @a法律家眼中的日本古代一千五百年史@AFA LU“ JIA YAN ZHONG DE RI BEN GU DAI YI QIAN WU BAI NIAN SHI@f(日)山中顺雅著@F( RI ) SHAN ZHONG SHUN YA ZHU@g曹章祺译 |
| 210 | @a北京@c中国社会科学@d1994 | |
| 215 | @a316页@c照片及图@d20cm | |
| 304 | @a山中顺雅(1920- ),生于日本高知县,律师 | |
| 330 | @a本书包括:古代中国、朝鲜和日本列岛的比较,日本列岛上的渡来人、日语和汉字等9章。 | |
| 540 | 1 | @a法律家@AFA LU“ JIA |
| 606 | @a古代史-日本@x研究 | |
| 607 | @a日本-古代史@x研究 | |
| 690 | @aK313.2@v三版 | |
| 690 | @aK313.0@v3 | |
| 701 | 0 | @a山中顺雅@ASHAN ZHONG SHUN YA@4著 |
| 702 | 0 | @a曹章祺@ACAO ZHANG QI@4译 |
| 801 | 0 | @aCN@bTSSF@c20061116 |
| 905 | @a10447@dK313.0@e29 | |
| 法律家眼中的日本古代一千五百年史/(日)山中顺雅著/曹章祺译.-北京:中国社会科学,1994 |
| 316页:照片及图;20cm |
| ISBN 7-5004-1439-0:CNY16.00 |
| 本书包括:古代中国、朝鲜和日本列岛的比较,日本列岛上的渡来人、日语和汉字等9章。 |
| ● |
| 相关链接 |
|
|
|
|
正题名:法律家眼中的日本古代一千五百年史
索取号:K313.0/29
 
预约/预借
| 序号 | 登录号 | 条形码 | 馆藏地/架位号 | 状态 | 备注 |
| 1 | 0262828 | 000359711 | 第二样本阅览室/ [索取号:K313.0/29] | 在馆 |